000 00718nam a2200241Ia 4500
003 OSt
005 20220918230117.0
006 a|||||r|||| 00| 0
007 ta
008 220917b |||||||| |||| 00| 0 eng d
024 _a249,547
037 _cTextual
040 _aARTS
_cARTS
_beng
041 _2eng
_aeng
082 _aY1:45:6.3.N5, K5;1
100 _aWalker Nigel
_986406
245 0 _aCrime and punishment in Britain
_b An analysis of the penal system in theory,law, and practice
260 _aEdinburgh
_bEdinburgh University Press
_c1965
300 _axiii,367p.
_ccm.
650 _aSOCIOLOGY
942 _hY1:45:6.3.N5, K5;1
_cTEXL
_2CC
999 _c287156
_d287156